1334 1973 1259 1961 1800 1638 1816 1710 1279 1050 1708 1660 1143 1994 1387 1626 1732 1058 1831 1988 1845 1653 1776 1796 1983 1347 1548 1580 1096 1640 1598 1206 1863 1320 1283 1324 1934 1788 1341 1764 1428 1014 1118 1668 1167 1699 1573 1093 1169 1129 1721 1580 1432 1363 1950 1095 1237 1354 1703 1571 1330 1635 1175 1340 1141 1797 1924 1517 1744 1127 1006 1071 1333 1600 1449 1907 1441 1684 1269 1962 1492 1273 1135 1771 1670 1574 1121 1922 1071 1491 1693 1301 1939 1751 1007 1618 1471 1916 1680 BCNSPRNW ULIB Ver.6.0+V

เปลี่ยนเป็นภาษาไทย

Change to English
 แสดงรายละเอียดบรรณานุกรม
  กลับหน้าหลัก

Brief Record : Get Marc (ISO 2709) : E-mail record : QR code < ปิดหน้าต่าง
LEADER : 00000nam 2200000uu 4500
001    13399111525
003     ULIB
008    110630s||||||||th 000 0 tha d
020    9786111100136
050  4 PE1127^bซ114E 2552
100 1  Schwarz, Peter C.
245 10 English for nursing and health care students /^cPeter C.Schwarz and Amporn Thiengtrongdee
250    1st ed.
260    Nonthaburi :^bBook Project Praboromarajchanok Institute Ministry of Public Health,^c[2009]
300    106 p. :^bill. ;^c21 cm.
650  0 English language^xconversation and phrase books (for medical personnel)
650  0 Communication in nursing
650  0 Communication in medicine
700 1  ซวอตซ์, ปีเตอร์ ซี.
700 0  Amporn Thiengtrongdee
710 2  Praboromarajchanok Institute. ^bBook Project
945    ^p250^l0^i028937
945    ^p250^l0^i026394
945    ^p250^l0^i026393
945    ^p250^l0^i026063
945    ^p250^l0^i026062
945    ^p250^l0^i026395
945    ^p250^l0^i026061
995    ทศพร
999 ^a ใช้งานได้ทุกระบบ
รายการนี้ยังไม่มีแท็ก
คุณยังไม่ได้ล็อกอิน คุณสามารถมีกิจกรรมร่วมกับเว็บไซต์ได้ แต่ต้องล็อกอินก่อน ::
  ล็อกอิน

รายการสื่อสารสนเทศ

ลำดับที่ ประเภท เลขเรียก/บาร์โค้ด สถานที่ สถานะ
1. วิทยาศาสตร์การแพทย์ และสุขภาพ
วิทยาศาสตร์การแพทย์ และสุขภาพ
สถานะ=หนังสือเก่า
PE1127 ซ114E 2552 ฉ.3 
  Barcode: 026063
ห้องสมุดวิทยาเขตสวรรค์ประชารักษ์
►หนังสือทั่วไป
ถูกยืม กำหนดส่งวันที่ 11 เมษายน 2568
  จอง

รายการใกล้เคียง
    ผู้แต่ง [Schwarz, Peter C.]

    หัวเรื่อง [Communication in nursing]
    หัวเรื่อง [Communication in medicine]

BibComment


ยังไม่เคยถูกคอมเมนท์

คอมเมนท์ทรัพยากรรายการนี้
  คอมเมนท์: English for nursi..


 Copyright 2026. Bcnsprnw @Library